000 00678nam a2200241 a 4500
999 _c8422
_d8422
001 8422
003 BD-JhCC
005 20180224114018.0
008 171115s2005 bg |||| ||a| 000 0 ben d
020 _a9845550401
035 _a(BD-JhCC)8422
040 _aBD-JhCC
_dBD-JhCC
041 _aben
082 _a780.1
_bFAR 2005
100 _aফারুক, ওমর
245 _aরাগ সমারোহ /
_cওমর ফারুক
260 _aঢাকা :
_bবাংলাদেশ শিল্পকলা একাডেমী,
_c2005.
300 _a249 p. :
_c23 cm.
650 _aMusic
650 _aVocal Classical
942 _2ddc
_cBK